Carta a un joven profesor : por qué enseñar hoy /
Guardado en:
| Autor Principal: | |
|---|---|
| Formato: | Libro |
| Publicado: |
Barcelona :
Grao,
2005
|
| Materias: | |
| Etiquetas: |
Agregar Etiqueta
Sin Etiquetas, Sea el primero en etiquetar este registro!
|
| LEADER | 00539nam a22001935a 4500 | ||
|---|---|---|---|
| 001 | CEM.cems014426 | ||
| 008 | 130507s2005##################000#0#####d | ||
| 005 | 20210804200649.0 | ||
| 003 | CEMS | ||
| 245 | 1 | 0 | |a Carta a un joven profesor : |b por qué enseñar hoy / |c Philippe Meirieu |
| 260 | |a Barcelona : |b Grao, |c 2005 | ||
| 300 | |a 132 p. | ||
| 590 | |a 1254.014 | ||
| 020 | |a 8478274545 | ||
| 100 | 1 | |a Meirieu, Philippe | |
| 653 | |a Educación | ||
| 653 | |a Pedagogía | ||
| 653 | |a Biblioteca TC | ||
| 859 | |a CEMS |b BIB. CEMS - 11 de abril |h TC |p 1254.014 |t Ej.1 | ||
